Tratado de libre comercio entre la Unin̤ Europea y Colombia

Detalles Bibliográficos
Autor principal: Chavarro Cadena, Jorge Enrique
Formato: eBook
Lenguaje:español
Publicado: Bogot:̀ Grupo Editorial Nueva Legislacin̤, 2014
Materias:
Acceso en línea:Acceso restringido

MARC

LEADER 00000nam a22000007a 4500
005 20181217114351.0
007 cr|||| ||||
008 181217s2014 co |||||s|||| 00||0 spa d
035 |a 21898 
040 |a vLex 
090 |c 8335  |d 8335 
100 1 |a Chavarro Cadena, Jorge Enrique 
245 1 0 |a Tratado de libre comercio entre la Unin̤ Europea y Colombia  |h [Recurso electrn̤ico] /  |c Jorge Enrique Chavarro Cadena 
256 |a Servicio en ln̕ea 
260 |a Bogot:̀  |b Grupo Editorial Nueva Legislacin̤,  |c 2014 
300 |a 1 recurso electrn̤ico 
506 1 |a Disponible solo en los productos indicados  |d vLex Global  |d vLex Global (Academic Edition, excluding Law Schools)  |d vLex Global (U.S. Academic Edition, Law Schools)  |d vLex Global (U.S. Academic Edition, excluding Law Schools)  |d vLex Global (Academic Edition, Law Schools) 
650 0 4 |a Derecho Internacional  |z Colombia 
740 0 |a vLex Libros (Servicio en ln̕ea) 
856 4 0 |u http://vlex.com/source/tratado-libre-comercio-union-europea-colombia-21898  |z Acceso restringido 
942 |c BOOK 
999 0 |a International right